1910 1580 1737 1289 1947 1717 1134 1844 1570 1687 1925 1775 1853 1491 1983 1944 1702 1863 1539 1899 1664 1375 1505 1064 1979 1505 1626 1680 1302 1135 1996 1176 1601 1135 1191 1625 1650 1653 1217 1229 1468 1099 1014 1572 1950 1601 1786 1642 1817 1527 1812 1863 1151 1617 1232 1565 1580 1793 1444 1911 1071 1338 1289 1245 1759 1112 1924 1032 1490 1444 1494 1421 1674 1668 1578 1512 1090 1508 1832 1485 1525 1160 1572 1524 1842 1784 1977 1410 1418 1769 1657 1647 1131 1127 1908 1552 1209 1883 1906 BCNSPRNW ULIB Ver.6.0+V

เปลี่ยนเป็นภาษาไทย

Change to English
 แสดงรายละเอียดบรรณานุกรม
  กลับหน้าหลัก

Brief Record : Get Marc (ISO 2709) : E-mail record : QR code < ปิดหน้าต่าง
LEADER : 00000nam 2200000uu 4500
001    13399125134
003     ULIB
008    161006s2559||||th 000 0 tha d
020    ^a9786167902913
050  4 ^aPE1645^bอ329พ
100 0  ^aอรนุช วิรัช นิยมธรรม
245 10 ^aพจนานุกรมพม่า - ไทย^cอรนุช วิรัช นิยมธรรม
260    ^aพิษณุโลก :^bหจก.โรงพิมพ์ตระกูลไทย,^c2559
300    ^a606 หน้า ;c21 ซม.
945    ^p0^l0^i001375
999    ^aวรรณษา ชูชัยมงคล
รายการนี้ยังไม่มีแท็ก
คุณยังไม่ได้ล็อกอิน คุณสามารถมีกิจกรรมร่วมกับเว็บไซต์ได้ แต่ต้องล็อกอินก่อน ::
  ล็อกอิน

รายการสื่อสารสนเทศ

ลำดับที่ ประเภท เลขเรียก/บาร์โค้ด สถานที่ สถานะ
1. วิทยาศาสตร์การแพทย์ และสุขภาพ
วิทยาศาสตร์การแพทย์ และสุขภาพ
PE1645 อ329พ ฉ.1 
  Barcode: 001375
ห้องสมุดวิทยาเขตสวรรค์ประชารักษ์
►หนังสือทั่วไป
บนชั้น

BibComment


ยังไม่เคยถูกคอมเมนท์

คอมเมนท์ทรัพยากรรายการนี้
  คอมเมนท์: พจนานุกรมพม่า ไ..


 Copyright 2026. Bcnsprnw @Library